000 01085nam a2200265 a 4500
003 OSt
005 20230918102408.0
007 ta
008 230303s2014 sp a|||| |||| 001 0 spa d
020 _a9788484766766
040 _cCHAP
082 0 0 _222
_a333.72
_bG56 2014
100 1 _949838
_aGómez Orea, Domingo
245 1 0 _aEvaluación ambiental estratégica :
_bun instrumento para integrar el medio ambiente en la formulación de políticas, planes y programas /
_cpor Domingo Gómez Orea ; colaboración de Mauricio Gómez Villarino y Alejandro Gómez Villarino.
250 _aSegunda edición
264 1 _aMadrid :
_bMundi Prensa,
_c2014
300 _a377 páginas:
_bFiguras, ilustraciones y tablas
504 _aBibliografía páginas : 373-377
650 4 _9125179
_aImpacto ambiental
_xAnálisis
650 4 _9187919
_aMedio ambiente
_xLeyes y legislacion
_zEspaña
650 4 _9143608
_aPolítica ambiental
_xEspaña
700 1 _9143610
_aGómez Villarino, Mauricio
_ecolaborador.
700 1 _9143609
_a Gómez Villarino, Alejandro
_ecolaborador.
942 _cLibro
_2ddc
999 _c218496
_d218496